| 000 | 00400cam a2200181ua 4500 | ||
|---|---|---|---|
| 020 | _a0-582-40403-7 | ||
| 041 |
_aeng _h |
||
| 082 |
_a633.18 _bGRI/RI |
||
| 100 | _aGrist, D H. | ||
| 245 |
_aRice / _cD H Grist. _hTextual Documents |
||
| 250 |
_a6 / _b. |
||
| 260 |
_aLondon : _bLongman , _c1986. |
||
| 300 | _a599 ; . | ||
| 504 | _a | ||
| 942 | _cBK | ||
| 999 |
_c349 _d349 |
||